00819nam a2200265Ic 450000100060000000300100000600500170001600700030003300800410003602000180007704000350009504100080013008400060013810000240014424500290016825000410019726400570023830000450029533600270034033700330036733800280040049000450042865000410047365000390051457892CO-BoRNBP20250812001200.0ta180109s9999 xx 000 0 und d a9789681654108 aCO-BoRNBPbspaerdacCO-BoRNBP aspa aA aGedovius, Juaneaut10aTrucas /cJuan Gedovius. aPrimera edición, 17a reimpresión 1aMéxico :bFondo de Cultura Económica;2017,c2017 a[26] páginas :bilustraciones en color atextobtxt2rdacontent asin mediaciónbn2rdamedia avolumenbnc2rdacarrier0 aLos especiales de A la orilla del viento04aÁlbumes infantiles mexicanos2LEMB04aLiteratura infantil mexicana2LEMB